Тема "отцов и детей" в прозе "незамеченного поколения" (М. Агеев, Н. Берберова); Сибирский филологический журнал; № 2
| Parent link: | Сибирский филологический журнал/ Российская академия наук (РАН), Сибирское отделение (СО), Институт филологии (ИФ).— , 2003- № 2.— 2011.— [С. 60-68] |
|---|---|
| Автор: | |
| Співавтор: | |
| Резюме: | Заглавие с экрана Данная статья посвящена рассмотрению темы «отцов и детей» в повестях М. Агеева и Н. Берберовой. Topic of fathers and children in the prose of the nezamechennoye pokoleniye (unnoticed generation). Режим доступа: по договору с организацией-держателем ресурса |
| Мова: | Російська |
| Опубліковано: |
2011
|
| Предмети: | |
| Онлайн доступ: | http://elibrary.ru/item.asp?id=17016898 http://www.philology.nsc.ru/journals/spj/article.php?id=524 |
| Формат: | Електронний ресурс Частина з книги |
| KOHA link: | https://koha.lib.tpu.ru/cgi-bin/koha/opac-detail.pl?biblionumber=638841 |
MARC
| LEADER | 00000naa0a2200000 4500 | ||
|---|---|---|---|
| 001 | 638841 | ||
| 005 | 20250603135649.0 | ||
| 035 | |a (RuTPU)RU\TPU\network\3238 | ||
| 035 | |a RU\TPU\network\3229 | ||
| 090 | |a 638841 | ||
| 100 | |a 20150214d2011 k||y0rusy50 ca | ||
| 101 | 0 | |a rus | |
| 102 | |a RU | ||
| 135 | |a drcn ---uucaa | ||
| 181 | 0 | |a i | |
| 182 | 0 | |a b | |
| 200 | 1 | |a Тема "отцов и детей" в прозе "незамеченного поколения" (М. Агеев, Н. Берберова) |d This paper is devoted to the problem of fathers and children in the novels by M. Ageev and N. Berberova |f М. А. Хатямова | |
| 203 | |a Текст |c электронный | ||
| 300 | |a Заглавие с экрана | ||
| 320 | |a [Библиогр.: с. 68 (10 назв.)] | ||
| 330 | |a Данная статья посвящена рассмотрению темы «отцов и детей» в повестях М. Агеева и Н. Берберовой. | ||
| 330 | |a Topic of fathers and children in the prose of the nezamechennoye pokoleniye (unnoticed generation). | ||
| 333 | |a Режим доступа: по договору с организацией-держателем ресурса | ||
| 461 | |t Сибирский филологический журнал |f Российская академия наук (РАН), Сибирское отделение (СО), Институт филологии (ИФ) |d 2003- | ||
| 463 | |t № 2 |v [С. 60-68] |d 2011 | ||
| 510 | 1 | |a This paper is devoted to the problem of fathers and children in the novels by M. Ageev and N. Berberova |z eng | |
| 600 | 1 | |a Агеев |b М. Л. |c писатель русского зарубежья |f 1898-1973 |g Марк Лазаревич |2 stltpush |3 (RuTPU)RU\TPU\pers\15468 |9 5363 | |
| 600 | 1 | |a Берберова |b Н. Н. |c писательница русского зарубежья |f 1901-1993 |g Нина Николаевна |2 stltpush |3 (RuTPU)RU\TPU\pers\7721 |9 1513 | |
| 610 | 1 | |a электронный ресурс | |
| 610 | 1 | |a труды учёных ТПУ | |
| 610 | 1 | |a поэтика | |
| 610 | 1 | |a повести | |
| 610 | 1 | |a писатели | |
| 610 | 1 | |a русское зарубежье | |
| 700 | 1 | |a Хатямова |b М. А. |c лингвист |c профессор Томского политехнического университета, кандидат филологических наук |f 1961- |g Марина Альбертовна |3 (RuTPU)RU\TPU\pers\29167 | |
| 712 | 0 | 2 | |a Национальный исследовательский Томский политехнический университет |c (2009- ) |9 26305 |
| 801 | 2 | |a RU |b 63413507 |c 20150214 |g RCR | |
| 850 | |a 63413507 | ||
| 856 | 4 | |u http://elibrary.ru/item.asp?id=17016898 | |
| 856 | 4 | |u http://www.philology.nsc.ru/journals/spj/article.php?id=524 | |
| 942 | |c CF | ||